000 00351cam a22001217a 4500
008 180718b1958 xxu||||| |||| 00| 0 eng d
082 _aF5x591 C697
100 _aCollis, Maurice
245 _aTrials in Burma
_cby Maurice Collis
260 _aLondon
_bFeber & Feber
_c1958
300 _a239p.
650 _aCollis, Maurice, 1889- --Politics and government
999 _c362864
_d362864